Statistics for Which airline is it?

Click here to take the quiz!

General Stats

  • This quiz has been taken 101 times
    (87 since last reset)
  • The average score is 14 of 15

Answer Stats

Answer% Correct
American Airlines
100%
Emirates
98%
Lufthansa
98%
South African Airways
98%
Aer Lingus
95%
Aeroflot
95%
Delta Airlines
95%
Thai Airways
95%
United Airlines
95%
Air France
93%
British Airways
93%
China Airlines
93%
Egypt Air
93%
Kenya Airways
93%
Latam
88%

Score Distribution

Percentile by Number Answered

Percent of People with Each Score

Your Score History

You have not taken this quiz since the last reset